• 首页
  • 本馆介绍
  • 公告通知
  • 最新文献
  • 馆藏检索
  • 电子资源
  • 读者导购
  • 参考咨询
  • 我的图书馆
  • 登录
  • 详细信息显示
  • 放入我的书架
  • 预约/预借图书
  • 作者相关作品
  • 分类相关作品
  • 丛书相关作品
  • 出版社相关作品

书目信息

  • 表格格式
  • 工作单格式
  • 卡片格式
题名:
柿现代生产技术
    
 
作者: 张明德 编著
分册:  
出版信息: 北京   北京科学技术出版社  2008
页数: 200页
开本: 23cm
丛书名:
单 册:
中图分类: S665.2
科图分类:
主题词: 柿--栽培 , 柿
电子资源:
ISBN: 978-7-5304-3752-0
000 00831nam0 2200241 45
001 1032956828
005 20100407164638.40
010    @a978-7-5304-3752-0@dCNY29.00
100    @a20100330e20092008em y0chiy50 ea
101 0  @achi
102    @aCN@b110000
105    @aa z 000yy
106    @ar
200 1  @a柿现代生产技术@AShi Xian Dai Sheng Chan Ji Shu@f张明德编著@FZhang Ming De Bian Zhu
210    @a北京@c北京科学技术出版社@d2008@h2009
215    @a200页@c彩图(20页)@d23cm
330    @a本书系统地阐述了与栽培技术密切相关的九个方面基本特性、基本规律,内容涉及柿生态环境、形态特征、生长发育规律、营养生理特点以及主要病虫害生物学特性和防控技术。
606 0  @a柿@x栽培
606 0  @a柿
690    @aS665.2@v4
701  0 @a张明德@AZhang Ming De@4编著
801  0 @aCN@bTANGWEI@c20100407
905    @b0586673-77@dS665.2@e192@f5
    
    柿现代生产技术/张明德编著.-北京:北京科学技术出版社,2008(2009)
    200页:彩图(20页);23cm
    
    
    ISBN 978-7-5304-3752-0:CNY29.00
    本书系统地阐述了与栽培技术密切相关的九个方面基本特性、基本规律,内容涉及柿生态环境、形态特征、生长发育规律、营养生理特点以及主要病虫害生物学特性和防控技术。
●
相关链接 在E读中查询图书 在五车中查询图书 在当当中查询图书 在豆瓣中查询图书


正题名:柿现代生产技术     索取号:S665.2/192         预约/预借

序号 登录号 条形码 馆藏地/架位号 状态 备注
1 0586673   205866730   第二样本阅览室/ [索取号:S665.2/192] 在馆    
2 0586674   205866749   第三借阅区/ [索取号:S665.2/192] 在馆    
3 0586675   205866758   第三借阅区/ [索取号:S665.2/192] 在馆    
4 0586676   205866767   第三借阅区/ [索取号:S665.2/192] 在馆    
5 0586677   205866776   第三借阅区/ [索取号:S665.2/192] 在馆    
唐山师范学院图书馆 欢迎您!
大连网信软件有限公司© 版权所有